000 01049nam a22002897a 4500
001 03779
003 HDC
007 cr bn ---aaaaa
008 210111t1998 nyu||||| |||| 00| 0 eng
020 _a0-203-22306-3
040 _aHDC
100 _a Hüttermann, Aloys
_eauthor
_93589
245 0 _aAgricultural Biotechnology. Chapter 16 :
_bBioremediation: Pesticides and Other Agricultural Chemicals / by
_cAloys Hüttermann and Andrzej Majcherczyk
260 _aNew York :
_bMARCEL DEKKER,
_c1998
300 _a20 pages
336 _atext
_2rdacontent
337 _acomputer
_2rdamedia
338 _aonline resource
_2rdacarrier
650 _aAgricultural Biotechnology
_91565
650 _aAgricultural Chemicals
_93063
650 _aBioremediation
_93590
700 _a Majcherczyk, Andrzej
_eauthor
_93591
856 _zRequest full-text at [email protected]
942 _2lcc
942 _cCHAP
942 _kEBCH 001701
999 _c1115
_d1115